00518nam a2200181Ia 4500008004100000020001500041082001300056100002600069245002500095250000800120260003100128300001100159500002400170650001600194942000700210952010200217999001700319230524s9999 xx 000 0 und d a8174110550 a510bSAM aGhansyam Samal910639 0aIntermediate Algebra a2ND aNEW DELHIbBidyapuric1997 aIV;240 aQuantity Number: 1 aMathematics cBK 00104070aTATCLbTATCLcGENd2023-05-24l0o510 SAMp4177r2023-05-24w2023-05-24yBKzCPES5203 c14572d14572